| 000 | 01643nam a2200493 i 4500 | ||
|---|---|---|---|
| 001 | 15365 | ||
| 003 | KOSZ 005 | ||
| 005 | 20200414084018.0 | ||
| 008 | 200414s1972 pl a f 000 0 pol | ||
| 015 | _aUWD 1972/10721 | ||
| 035 | _a991035146459705066 | ||
| 035 | _a(PL-WaBN)b19451775-48omnis_nlop | ||
| 035 | _ab19451775 | ||
| 035 | _a(OCoLC)749489924 | ||
| 035 | _a(PL)b0000001945177 | ||
| 035 | _a(EXLNZ-48OMNIS_NETWORK)9910491892805606 | ||
| 040 |
_aWA N _cWA N _dKOSZ 005/RW |
||
| 046 | _k1972 | ||
| 080 | _a629.5.05 | ||
| 080 | _a520.8 | ||
| 100 | 1 |
_aLedóchowski, Antoni _d(1895-1972) _eAutor |
|
| 245 | 1 | 0 |
_aAstronawigacja / _cAntoni Ledóchowski. |
| 250 | _aWydanie 4 poprawione. | ||
| 260 |
_aGdańsk : _bWydawnictwo Morskie, _c1972. |
||
| 300 |
_a104 strony : _bilustracje ; _c24 cm. |
||
| 336 |
_aTekst _btxt _2rdacontent |
||
| 337 |
_aBez urządzenia pośredniczącego _bn _2rdamedia |
||
| 338 |
_aWolumin _bnc _2rdacarrier |
||
| 380 | _aKsiążki | ||
| 380 | _aPublikacje fachowe | ||
| 380 | _aPublikacje dydaktyczne | ||
| 388 | _a1901-2000 | ||
| 490 | 1 |
_aBiblioteka Nawigatora ; _v13 |
|
| 521 | 8 | _aKsiążka przeznaczona dla uczniów szkół morskich i pomoc dla oficerów pokładowych. | |
| 650 | 7 |
_aAstronawigacja _2DBN |
|
| 655 | 7 | _aPodręcznik | |
| 658 | _aFizyka i astronomia | ||
| 658 | _aTransport i logistyka | ||
| 710 | 2 |
_aWydawnictwo Morskie _4pbl |
|
| 830 | 0 |
_aBiblioteka Nawigatora _v13 |
|
| 856 |
_uhttp://koha.tu.koszalin.pl/cgi-bin/koha/opac-detail.pl?biblionumber=15365 _yKatalog online BPK |
||
| 942 |
_2UKD _cKS |
||
| 999 |
_c15365 _d15365 |
||